| 000 | 00441nam a2200181Ia 4500 | ||
|---|---|---|---|
| 008 | 230524s9999 xx 000 0 und d | ||
| 020 | _a9788190501590 | ||
| 082 |
_a658.45 _bMIS |
||
| 100 | _aP.K.Mishra | ||
| 245 | 0 | _aMarketing Management | |
| 250 | _a2ND | ||
| 260 |
_aBHUBANESWAR _bAlok _c2007 |
||
| 300 | _aXII;373 | ||
| 500 | _aQuantity Number: 35 | ||
| 650 | _aManagement | ||
| 700 | _a"Partha S.Das , J.R.Das,,," | ||
| 942 | _cBK | ||
| 999 |
_c42339 _d42339 |
||